LIBRARY & INFORMATION CENTRE, KCAET, TAVANUR

ONLINE PUBLIC ACCESS CATALOGUE (OPAC)

Farming system research and development / (Record no. 12)

MARC details
000 -LEADER
fixed length control field 00764cam a2200265ua 4500
041 ## - LANGUAGE CODE
Language code of text/sound track or separate title eng
082 ## - DEWEY DECIMAL CLASSIFICATION NUMBER
Classification number 631.5841
Item number SHA/FA
100 ## - MAIN ENTRY--AUTHOR NAME
Personal name Shaner, W W .
245 ## - TITLE STATEMENT
Title Farming system research and development /
250 ## - EDITION STATEMENT
Edition statement 1 /
260 ## - PUBLICATION, DISTRIBUTION, ETC. (IMPRINT)
Place of publication :
Name of publisher Consortium for International Development ,
Year of publication 1982.
300 ## - PHYSICAL DESCRIPTION
Number of Pages 414 ; .
650 ## - SUBJECT ADDED ENTRY--TOPICAL TERM
Topical Term Conceptual frame work
650 ## - SUBJECT ADDED ENTRY--TOPICAL TERM
Topical Term Development of a research base
650 ## - SUBJECT ADDED ENTRY--TOPICAL TERM
Topical Term Planning of farm research
650 ## - SUBJECT ADDED ENTRY--TOPICAL TERM
Topical Term Problem identification
650 ## - SUBJECT ADDED ENTRY--TOPICAL TERM
Topical Term Target and research area selection
700 1# - ADDED ENTRY--PERSONAL NAME
Personal name Philipp, P F .
700 1# - ADDED ENTRY--PERSONAL NAME
Personal name Schmehl, W R .
942 ## - ADDED ENTRY ELEMENTS (KOHA)
Koha item type Books
003 - CONTROL NUMBER IDENTIFIER
control field @
003 - CONTROL NUMBER IDENTIFIER
control field OSt
Holdings
Withdrawn status Lost status Damaged status Home library Current library Date acquired Full call number Accession Number Koha item type
      KAUAET KAUAET 26/03/1987 631.5841 16118 Books
free website counter